00620 2200217 4500001002100000005001700021008004100038020001800079035002400097040001200121082001100133090002200144100002700166245006700193250001000260260003300270300003100303650003400334850001200368990002200380YOGYA-0209000004617920090227031114.0 ind  a979-756-154-7 0010-020900000046179 aYOPDYOG a510.76 aDEP 510.76bSan M aSANTOSO, Ettif Iswanti aMatematika ekonomibfungsi dan aplikasicEttif Iswanti Santoso aEd. 1 aYogyakartabGraha Ilmuc2006 aviii, 122 hlmbilusc26 cm aMatematika - ujian, soal, dsb aYOPDYOG aCB-D.11 2006-442h